CO ODBIERAMY? - Statystyki

Ogólne statystyki
  • Ten quiz został rozwiązany 105 razy
  • Średni wynik to 2 z 5
Statystyki odpowiedzi
Odpowiedź % Poprawnych
TELEFON
94%
PRZESYŁKĘ
43%
PORÓD
28%
E-MAIL
24%
DZIECKO ZE SZKOŁY | PRZEDCZKOLA
22%
Nie znaleziono quizów pasujących do podanych kryteriów
Rozkład punktacji
Procent ludzi z każdym wynikiem
Percentyl według liczby udzielonych odpowiedzi
Twoja historia wyników
Nie rozwiązałeś tego quizu